| 000 | 01001nas a2200301 4500 | ||
|---|---|---|---|
| 001 | BR0400171 | ||
| 003 | BR-BrBNA | ||
| 005 | 20231205104253.0 | ||
| 007 | ta | ||
| 008 | 230509b bl.|||p| |||| 00| 00por d | ||
| 040 |
_aBR-BrBNA _bpor _cBiblioteca Nacional de Agricultura |
||
| 041 | _a(Pt) | ||
| 072 | _aL02; L53 | ||
| 100 | 1 | _aDel Rei, A.J. | |
| 100 | 1 | _aBartolomeu, C.C. | |
| 100 | 1 | _aHora, O.M. | |
| 245 | 1 | _aEfeito do norgestomet e valerato de estradiol associado a desmame interrompido sobre a eficiência reprodutiva em vacas Nelore apresentando anestro pós-parto | |
| 650 | _aGADO NELORE | ||
| 650 | _aESTRADIOL | ||
| 650 | _aDESMAMA PRECOCE | ||
| 650 | _aINSEMINAÇÃO ARTIFICIAL | ||
| 650 | _aCICLO ESTRAL | ||
| 650 | _aPÓS-PARTO | ||
| 650 | _aEFICIÊNCIA REPRODUTIVA | ||
| 773 | 0 |
_tRevista Brasileira de Reprodução Animal (Brazil) _xISSN 0102-0803 _g(Jul-Sep 2003), v. 27(3) p. 416-417 _wBR0400171 |
|
| 909 |
_a202311 _bLúcia _c55 _dLúcia Elande |
||
| 942 |
_2AGRIS _n0 _cANA |
||
| 999 |
_c177279 _d177279 |
||